000 00222nam a2200085Ia 4500
008 120527s9999 xx 000 0 und d
100 _aMeigs B. Meigs F.
245 _aAccounting: the basis for business decisions
942 _cBK
999 _c27080
_d27080